| 000 | 01079nam a2200277 4500 | ||
|---|---|---|---|
| 001 | sa 68012202 | ||
| 003 | DLC | ||
| 005 | 20260227112608.0 | ||
| 008 | 691014s1967 ii 100 0 eng | ||
| 010 | _asa 68012202 | ||
| 025 | _aPL480:I-E-10009 | ||
| 040 |
_aDLC _cDLC _dDLC |
||
| 050 | 0 | 0 |
_aHV392 _b.S45 1967 |
| 082 | 0 | 0 | _a309.2/3/0954 |
| 111 | 2 |
_aSeminar on the Concept and Methods of Public Co-operation, _cDelhi, _d1967. |
|
| 245 | 1 | 0 |
_aConcept and methods of public co-operation; _ba seminar report. |
| 260 |
_aNew Delhi, _bCentral Institute of Research and Training in Public Co-operation _c[1967] |
||
| 300 |
_a84 p. _c21 cm. |
||
| 350 | _a3.00 | ||
| 500 | _aSponsored by the Central Institute of Research and Training in Public Co-operation. | ||
| 650 | 0 |
_aVolunteer workers in social service _zIndia _xCongresses. |
|
| 650 | 0 |
_aAssociations, institutions, etc. _zIndia _xCongresses. |
|
| 651 | 0 |
_aIndia _xSocial policy _xCongresses. |
|
| 651 | 0 |
_aIndia _xEconomic policy _xCongresses. |
|
| 710 | 2 | _aCentral Institute of Research and Training in Public Co-operation. | |
| 999 |
_c84380 _d84380 |
||